| 000 | 00782cam a2200301 4500500 | ||
|---|---|---|---|
| 005 | 20260329004758.0 | ||
| 041 | _afre | ||
| 042 | _adc | ||
| 100 | 1 | 0 |
_aEltchaninoff, Michel _eauthor |
| 245 | 0 | 0 | _aSujets sensibles |
| 260 | _c2021. | ||
| 500 | _a96 | ||
| 690 | _aAdolescence | ||
| 690 | _aÂge | ||
| 690 | _aCharlie Hebdo | ||
| 690 | _aDiscrimination | ||
| 690 | _aIslam | ||
| 690 | _aJeunesse | ||
| 690 | _aLaïcité | ||
| 690 | _alycée | ||
| 690 | _aMorale | ||
| 690 | _aReligion | ||
| 690 | _aSacré | ||
| 690 | _aSamuel Paty | ||
| 690 | _atolérance | ||
| 786 | 0 | _nPhilosophie magazine | 148 | 4 | 2021-04-01 | p. 42-43 | 1951-1787 | |
| 856 | 4 | 1 | _uhttps://shs.cairn.info/magazine-philosophie-magazine-2021-4-page-42?lang=fr&redirect-ssocas=7080 |
| 999 |
_c1837212 _d1837212 |
||